[Event "13th FIDE Open"]
[Site "Voronezh RUS"]
[Date "2009.06.15"]
[Round "4"]
[White "Gerasko,V"]
[Black "Fadin,E"]
[Result "0-1"]
[WhiteElo "2030"]
[BlackElo "2152"]

1.d4 Nf6 2.Nf3 g6 3.c4 Bg7 4.Nc3 d6 5.e4 O-O 6.Be2 e5 7.d5 a5 8.h3 Nh5 9.O-O Nf4
10.Kh2 f5 11.Bxf4 exf4 12.Nd4 Qf6 13.Ndb5 Na6 14.exf5 Bxf5 15.Bf3 Rac8 16.Qd2 Nc5
17.Qxf4 Nd3 18.Qd2 c6 19.dxc6 bxc6 20.Na7 Rb8 21.Na4 Nxb2 22.Bxc6 Bd3 23.Rfc1 Qxf2
24.Qxf2 Rxf2 25.Bd5+ Kh8 26.Nc6 Rbf8 27.Nb6 a4 28.Nd7 Re8 29.Kg3 Rfe2 30.Bf7 R8e3+
31.Kh2 Be4 32.Bd5 Rxg2+ 33.Kh1 Rxh3+  0-1

[Event "Open"]
[Site "Varna BUL"]
[Date "2009.06.16"]
[Round "5"]
[White "Aleksandrov,G"]
[Black "Melnikova,Y"]
[Result "0-1"]
[WhiteElo "2245"]
[BlackElo "2264"]

1.d4 Nf6 2.c4 g6 3.Nc3 Bg7 4.e4 O-O 5.Nf3 d6 6.Be2 Na6 7.O-O e5 8.dxe5 dxe5
9.Bg5 Qe8 10.Bxf6 Bxf6 11.Nd5 Bd8 12.a3 Nc5 13.Nc3 c6 14.Qd6 Nb3 15.Rad1 f6
16.Qb4 Nd4 17.Nxd4 exd4 18.Rxd4 c5 19.Qxc5 Bb6 20.Qd6 Bxd4 21.Qxd4 Qe5 22.Qxe5 fxe5
23.Rd1 Be6 24.Nd5 Rad8 25.f3 Kf7 26.Kf2 b6 27.Ke3 Bxd5 28.exd5 Ke7 29.g3 Kd6
30.Ke4 g5 31.Rc1 Rd7 32.b4 Rc7 33.Rc3 Rf6 34.Rc2 Rff7 35.Rc1 Rg7 36.h3 Rgf7
37.Rc3 h5 38.Rc1 h4 39.gxh4 Rf4+ 40.Ke3 Rxh4 41.Rg1 Rg7 42.Bf1 a5 43.b5 Ke7
44.Rg3 Kf6 45.Bd3 Rg8 46.Bf1 Rgh8 47.Rg4 Rxg4 48.fxg4 Ke7 49.Ke4 Kd6 50.Bg2 Rf8
51.Ke3 Rf4 52.Be4 Rf1 53.Bg2 Ra1 54.Ke4 Rxa3 55.Kf5 Rg3 56.Be4 Rxh3 57.Kxg5 a4
58.Kf6 a3 59.Bb1 Rh1  0-1

[Event "13th FIDE Open"]
[Site "Voronezh RUS"]
[Date "2009.06.16"]
[Round "5"]
[White "Rysbayeva,N"]
[Black "Zhukov,Vi1"]
[Result "0-1"]
[WhiteElo "2106"]
[BlackElo "2191"]

1.d4 Nf6 2.c4 g6 3.Nc3 Bg7 4.e4 O-O 5.Nf3 d6 6.Be2 e5 7.O-O exd4 8.Nxd4 Re8
9.f3 Nh5 10.Nd5 c6 11.Ne3 Be5 12.g3 Bh3 13.Rf2 Nxg3 14.hxg3 Bxg3 15.Rg2 Qh4
16.Ng4 Nd7 17.Bg5 Qxg5 18.Rxg3 Bxg4 19.Rxg4 Qe3+ 20.Kg2 Nf6 21.Rh4 Re5 22.Kh1 Qf2
23.Rh3 Rh5 24.Bf1 c5 25.Ne2 Qxf3+ 26.Kg1 Rg5+ 27.Ng3 Rxg3+ 28.Rxg3 Qxg3+
29.Bg2 Nxe4 30.Qd5 Re8 31.Rf1 Ng5 32.Qxb7 Re2 33.Kh1 Qe5 34.Qc8+ Kg7 35.Qb7 h5
36.Rd1  0-1

[Event "VI Moncada Elite"]
[Site "Santiago de Cuba CUB"]
[Date "2009.06.17"]
[Round "3"]
[White "Real de Azua,E"]
[Black "Diaz Ordonez,C"]
[Result "1-0"]
[WhiteElo "2445"]
[BlackElo "2347"]

1.d4 Nf6 2.c4 g6 3.Nc3 Bg7 4.e4 d6 5.Nf3 O-O 6.Be2 e5 7.Be3 Nc6 8.d5 Ne7
9.Nd2 Ne8 10.b4 f5 11.f3 f4 12.Bf2 g5 13.c5 h5 14.Nc4 Ng6 15.a4 Nh4 16.Rg1 g4
17.Kd2 g3 18.hxg3 fxg3 19.Be3 Ng6 20.Kc2 Nf4 21.Bf1 Rf7 22.a5 a6 23.cxd6 Nxd6
24.Nxd6 cxd6 25.Na4 Bh6 26.Nb6 Rb8 27.Rc1 h4 28.Qd2 Bd7 29.Nxd7 Qxd7 30.Kb3 Rh7
31.Rc3 Rc8 32.Bc4 Kh8 33.Qc2 Ng6 34.Bxh6 Rxh6 35.Rc1 Nf4 36.Bf1 Rxc3+ 37.Qxc3 Rf6
38.b5 axb5 39.Kb4 Kg7 40.Qc7 Rf7 41.Qxd7 Rxd7 42.Kxb5 Kf6 43.Kb6 Ke7 44.Rc8 h3
45.gxh3 g2 46.Bxg2 Nxg2 47.Rg8 Nf4 48.Rg7+  1-0

[Event "Open"]
[Site "Teplice CZE"]
[Date "2009.06.17"]
[Round "5"]
[White "Bartos,J"]
[Black "White,Mi"]
[Result "1/2-1/2"]
[WhiteElo "2188"]
[BlackElo "2265"]

1.d4 Nf6 2.Nf3 g6 3.c4 Bg7 4.Nc3 O-O 5.e4 d6 6.Be2 Nbd7 7.O-O e5 8.Re1 c6
9.Bf1 Qe7 10.dxe5 dxe5 11.Qc2 Nh5 12.Rb1 a5 13.Na4 Nf4 14.c5 Ne6 15.b3 f5
16.exf5 gxf5 17.Bb2 e4 18.Bc4 Kh8 19.Bxg7+ Nxg7 20.Rbd1 Nxc5 21.Nxc5 Qxc5
22.Ng5 h5 23.Qd2 e3 24.Qxe3 Qxe3 25.Rxe3 b5 26.Be2 a4 27.b4 f4 28.Re7 Bf5
29.a3 Rfe8 30.Rxe8+ Rxe8 31.Bf3 Bg4 32.Rc1 Bxf3 33.gxf3 Ne6 34.Re1 Rg8 35.Rxe6 Rxg5+
36.Kf1 c5 37.bxc5 Rxc5 38.Rb6 Kg7 39.Ke2 Rc2+ 40.Kd3 Rxf2 41.Rxb5 Rxf3+ 42.Ke4 Rxa3
43.Kxf4 Rh3 44.Ra5 a3 45.Kg5 Kf7 46.Kf5 Ke7 47.Ke5 Kd7 48.Kd5 h4 49.Ra7+ Kc8
50.Kc4 Kb8 51.Ra5 Kc7 52.Kc5 Rf3 53.Kb4 Kc6 54.Rxa3 Rf4+ 55.Kc3 Rf2 56.Kd4 Rxh2
57.Ke4 Kd6 58.Kf4 Ke6 59.Kg4 Ke5 60.Re3+ Kf6  1/2-1/2

[Event "13th Master Open"]
[Site "Voronezh RUS"]
[Date "2009.06.17"]
[Round "6"]
[White "Rakhmanov,Ale"]
[Black "Kokarev,Dm"]
[Result "1/2-1/2"]
[WhiteElo "2543"]
[BlackElo "2603"]

1.d4 Nf6 2.c4 g6 3.Nc3 Bg7 4.e4 O-O 5.Nf3 d6 6.Be2 e5 7.O-O c6 8.Re1 Na6
9.Bf1 exd4 10.Nxd4 Qb6 11.h3 Ng4 12.hxg4 Qxd4 13.g5 Qxd1 14.Rxd1 Nc5 15.f3 Be5
16.Be3 a5 17.Rac1 a4 18.Rc2 f6 19.gxf6 Rxf6 20.Ne2 Ne6 21.Rcd2 Rf8 22.Nc1 c5
23.Rxd6 Bxd6 24.Rxd6 Ra6 25.Rxa6 bxa6 26.Nd3 Rd8 27.f4 Bb7 28.f5 Bxe4 29.fxe6 Rxd3  1/2-1/2

[Event "13th FIDE Open"]
[Site "Voronezh RUS"]
[Date "2009.06.18"]
[Round "7"]
[White "Serdjukov,S"]
[Black "Filippov,Vl"]
[Result "1-0"]
[WhiteElo "2159"]
[BlackElo "1962"]

1.d4 Nf6 2.c4 g6 3.Nc3 Bg7 4.e4 d6 5.Be2 O-O 6.Nf3 e5 7.O-O Nbd7 8.Be3 Ng4
9.Bg5 f6 10.Bc1 Nh6 11.Re1 c6 12.Rb1 Qe7 13.b4 f5 14.Bg5 Nf6 15.c5 Qe8 16.cxd6 exd4
17.Bc4+ Kh8 18.exf5 Qxe1+ 19.Qxe1 Bxf5 20.Nxd4 Bxb1 21.Qxb1 Nd5 22.Ne6 Nxc3
23.Qc1 Nd5 24.Nxg7 Ng4 25.Ne6 Rf7 26.f3 Ngf6 27.Qa1 Kg8 28.Bxf6 Nxf6 29.Nc7  1-0

[Event "CIQ"]
[Site "Montreal CAN"]
[Date "2009.06.19"]
[Round "1"]
[White "Bluvshtein,M"]
[Black "Castellanos Rodriguez,R"]
[Result "1-0"]
[WhiteElo "2558"]
[BlackElo "2446"]

1.d4 Nf6 2.c4 g6 3.Nc3 Bg7 4.e4 d6 5.Nf3 O-O 6.Be2 e5 7.O-O Na6 8.Re1 c6
9.Be3 Ng4 10.Bg5 Bf6 11.Bxf6 Qxf6 12.Qd2 exd4 13.Qxd4 Rd8 14.Rad1 Be6 15.b3 Ne5
16.Qe3 Nxf3+ 17.Bxf3 Qe5 18.Rd2 Rd7 19.Red1 Rad8 20.Be2 Qc5 21.Qg3 Nc7 22.h3 Ne8
23.Kh1 Kh8 24.f4 f6 25.Bf1 Bg8 26.Na4 Qa5 27.Qe3 Be6 28.Nc3 Qc5 29.Qg3 g5
30.Na4 Qa5 31.c5 gxf4 32.Qxf4 b5 33.cxb6 axb6 34.Qe3 b5 35.Nc3 b4 36.Ne2 c5
37.Qh6 Rg7 38.e5 Bg8 39.exd6  1-0

[Event "Open"]
[Site "Teplice CZE"]
[Date "2009.06.19"]
[Round "7"]
[White "Strebkovs,A"]
[Black "Ivanov,MM"]
[Result "0-1"]
[WhiteElo "2420"]
[BlackElo "2470"]

1.d4 Nf6 2.c4 d6 3.Nc3 Nbd7 4.e4 e5 5.Nf3 g6 6.Be2 Bg7 7.O-O O-O 8.Re1 c6
9.Rb1 exd4 10.Nxd4 Re8 11.f3 d5 12.exd5 cxd5 13.Bg5 dxc4 14.Ndb5 Ne5 15.Qxd8 Rxd8
16.Ne4 Nxe4 17.Bxd8 Bd7 18.Bc7 Bxb5 19.Bxe5 Bxe5 20.fxe4 Ba6 21.a4 Rc8 22.Bg4 Bd4+
23.Kh1 Re8 24.Bf3 Re7 25.Red1 Bf6 26.Rd2 Kg7 27.Rbd1 Re6 28.a5 h5 29.Rc2 b5
30.axb6 axb6 31.Rcd2 Be5 32.g3 b5 33.Be2 Bb7 34.Bf3 b4 35.Rc2 c3 36.bxc3 Bxc3
37.Rd7 Bxe4 38.Bxe4 Rxe4 39.Rf2 Bf6 40.Rb7 g5 41.h3 h4 42.gxh4 Rxh4 43.Kg2 Re4
44.Kf3 Rf4+ 45.Kg2 Re4 46.Kf3 Rf4+ 47.Ke2 Re4+ 48.Kd3 Rd4+ 49.Kc2 Rc4+ 50.Kd2 Rc3
51.Rxb4 Rxh3 52.Rb7 Ra3 53.Ke2 Ra2+ 54.Kf1 Ra5 55.Kg2 Ra6 56.Rd2 Be5 57.Rd5 Re6
58.Rdd7 Rf6 59.Rb5 Bf4 60.Kh3 Rh6+ 61.Kg4 Kg6 62.Rbb7 f5+ 63.Kf3 Rh3+ 64.Kg2 Rg3+
65.Kf2 Kh5 66.Rb5 Kg4 67.Rd4 Ra3 68.Rb2 Rh3 69.Rbb4 Rh2+ 70.Kg1 Rc2 71.Rd3 Re2
72.Rdb3 Ra2 73.Rd3 Ra6 74.Rdb3 Kh5 75.Rh3+ Kg6 76.Rhb3 Ra1+ 77.Rb1 Be3+ 78.Kg2 Ra6
79.Kf3 Re6 80.Rb8 g4+ 81.Kg3 Bd4 82.Rg8+ Kf6 83.Rf8+ Kg6 84.Rg8+ Kf7 85.Rc8 Re3+
86.Kg2 f4 87.Rc6 Rg3+ 88.Kh2 Rh3+ 89.Kg2 f3+ 90.Kf1 Rh1+  0-1

[Event "Open"]
[Site "Teplice CZE"]
[Date "2009.06.19"]
[Round "7"]
[White "Likavsky,T"]
[Black "White,Mi"]
[Result "1-0"]
[WhiteElo "2487"]
[BlackElo "2265"]

1.d4 Nf6 2.c4 g6 3.Nc3 Bg7 4.e4 d6 5.Nf3 O-O 6.Be2 Nbd7 7.O-O e5 8.Be3 Re8
9.Qc2 c6 10.Rad1 Qe7 11.Nd2 Ng4 12.Bxg4 exd4 13.Bxd4 Bxd4 14.Nf3 Bxc3 15.Qxc3 Nc5
16.Bxc8 Raxc8 17.Rfe1 Nxe4 18.Qd4 d5 19.cxd5 cxd5 20.Qxa7 Qb4 21.Qd4 Qxd4
22.Nxd4 Rc5 23.f3 Nf6 24.Kf2 Kf8 25.Re3 Rxe3 26.Kxe3 Ke7 27.Rd3 Nd7 28.Ra3 Rc1
29.Ra7 b6 30.b3 h5 31.h4 f6 32.Ne2 Rc2 33.g3 Kd6 34.a4 g5 35.Nd4 Rb2 36.a5 bxa5
37.Rxa5 Nc5 38.Rb5 gxh4 39.gxh4 Nd7 40.Nf5+ Kc6 41.Nd4+ Kd6 42.Ra5 Nc5 43.Ra3 Ke5
44.Nc6+ Kd6 45.Nd4 Rb1 46.Ra8 Re1+ 47.Kf4 Ne6+ 48.Nxe6 Rxe6 49.Ra6+ Ke7 50.Rxe6+ Kxe6
51.b4 Kd6 52.Ke3 Kc6 53.Kd4  1-0

[Event "13th FIDE Open"]
[Site "Voronezh RUS"]
[Date "2009.06.19"]
[Round "8"]
[White "Vechkanov,V"]
[Black "Provkin,V"]
[Result "0-1"]
[WhiteElo "1985"]
[BlackElo "2254"]

1.d4 Nf6 2.c4 g6 3.Nc3 Bg7 4.e4 d6 5.Be2 O-O 6.Nf3 e5 7.d5 a5 8.O-O Nh5 9.Ng5 Nf4
10.Nf3 Bg4 11.Bxf4 exf4 12.Nd4 Bd7 13.Nf3 Na6 14.Qd2 Qf6 15.Rac1 g5 16.h3 g4
17.hxg4 Bxg4 18.Nh2 Bd7 19.Bf3 Rae8 20.Ne2 Bh6 21.Qxa5 Qg5 22.Qd2 Kh8 23.Kh1 Nc5
24.Nc3 f5 25.exf5 Bxf5 26.Rfe1 Nd3 27.Rxe8 Rxe8 28.Rf1 Rg8 29.Ne4 Bxe4 30.Bxe4 Ne5
31.Qc3 Rf8 32.b3 f3 33.Bxf3 Qg6 34.Bd1 Bg7 35.Qh3 b6 36.Bg4 Qc2  0-1

[Event "13th FIDE Open"]
[Site "Voronezh RUS"]
[Date "2009.06.19"]
[Round "8"]
[White "Likhoman,M"]
[Black "Golovchanov,A"]
[Result "1-0"]
[WhiteElo "2184"]
[BlackElo "2112"]

1.Nf3 Nf6 2.c4 g6 3.Nc3 Bg7 4.e4 d6 5.d4 O-O 6.Be2 e5 7.dxe5 dxe5 8.Qxd8 Rxd8
9.Bg5 Re8 10.O-O-O h6 11.Be3 Ng4 12.Nd5 Nxe3 13.fxe3 Na6 14.c5 Nxc5 15.Nxc7 Be6
16.Nxe8 Rxe8 17.Kb1 Nxe4 18.Rhf1 Nf6 19.Nxe5 Nd5 20.Nc4 b5 21.Nd6 Rd8 22.Nxb5 Rb8
23.Rf3 a6 24.e4 Nb4 25.a3 Nc6 26.Nc3 Bg4 27.Re3 Bxe2 28.Rxe2 Bxc3 29.Rc2 Be5
30.Rxc6  1-0

[Event "Oceania Zonal"]
[Site "Gold Coast AUS"]
[Date "2009.06.20"]
[Round "1"]
[White "Tan,Kev AUS"]
[Black "Canfell,G"]
[Result "0-1"]
[WhiteElo "1956"]
[BlackElo "2327"]

1.d4 Nf6 2.c4 g6 3.Nc3 Bg7 4.e4 d6 5.Nf3 O-O 6.Be2 e5 7.O-O c6 8.dxe5 dxe5
9.Qxd8 Rxd8 10.Bg5 Na6 11.Nxe5 Re8 12.Bf4 Nc5 13.Bf3 g5 14.Bg3 g4 15.Bd1 Nfxe4
16.Nxe4 Nxe4 17.Nxg4 Nd2 18.Bf3 Nxf1 19.Kxf1 Bxb2 20.Rb1 Bg7 21.h3 f5 22.Ne3 Bf6
23.Bf4 Be5 24.Bg5 Kg7 25.g4 Kg6 26.Bh4 fxg4 27.hxg4 Rb8 28.Kg2 Be6 29.Bg3 Bxg3
30.Kxg3 Red8 31.Be4+ Kg7 32.Rh1 h6 33.f4 Rd4 34.Bc2 Rh8 35.Rh5 Rf8 36.Re5 Kf6
37.Rh5 Rh8 38.f5 Bxc4 39.g5+ Ke5 40.Ng4+ Rxg4+ 41.Kxg4 Be2+  0-1

[Event "CIQ"]
[Site "Montreal CAN"]
[Date "2009.06.20"]
[Round "2"]
[White "Bhat,V"]
[Black "Castellanos Rodriguez,R"]
[Result "1/2-1/2"]
[WhiteElo "2475"]
[BlackElo "2446"]

1.d4 Nf6 2.c4 g6 3.Nc3 Bg7 4.e4 d6 5.Nf3 O-O 6.Be2 e5 7.Be3 Na6 8.O-O Ng4
9.Bg5 Qe8 10.dxe5 dxe5 11.Qc1 b6 12.Rd1 Bb7 13.Nd5 c6 14.Nc3 Nc5 15.h3 Nf6
16.Qc2 Ne6 17.Be3 Nd7 18.Qc1 Qe7 19.b4 Rfd8 20.Rb1 c5 21.bxc5 Ndxc5 22.Nd5 Qf8
23.Nd2 Bc6 24.Qc2 h5 25.Nb3 Ba4 26.Nc3  1/2-1/2

[Event "Open"]
[Site "Albena BUL"]
[Date "2009.06.21"]
[Round "2"]
[White "Ivanov,Jo"]
[Black "Dobrev,Nay"]
[Result "1-0"]
[WhiteElo "2435"]
[BlackElo "2137"]

1.d4 Nf6 2.c4 g6 3.Nc3 d6 4.e4 Bg7 5.Nf3 O-O 6.Be2 e5 7.d5 Na6 8.Bg5 h6 9.Bh4 Qe8
10.Nd2 Nd7 11.a3 Bf6 12.Bxf6 Nxf6 13.h4 Qe7 14.b4 c5 15.Rb1 Bd7 16.Nf1 Kg7
17.Qd3 Rfc8 18.Ne3 cxb4 19.axb4 Qd8 20.O-O Qb6 21.c5 dxc5 22.Nc4 Qd8 23.b5 Nb4
24.Qg3 Nc2 25.f4 Nd4 26.Bd1 Nxe4 27.Nxe4 Bf5 28.Ncd6 Bxe4 29.Nxe4 Qxd5 30.Nc3 exf4
31.Qxf4 Qe6 32.Rb2 Re8 33.Rbf2 f5 34.Qc7+ Qe7 35.Nd5 Qf7 36.Qxc5  1-0

[Event "Open"]
[Site "Teplice CZE"]
[Date "2009.06.21"]
[Round "9"]
[White "Kozak,Mi"]
[Black "Volek,R"]
[Result "1-0"]
[WhiteElo "2139"]
[BlackElo "2035"]

1.d4 Nf6 2.c4 g6 3.Nc3 Bg7 4.e4 d6 5.Nf3 O-O 6.Be2 Nbd7 7.O-O e5 8.Be3 c6
9.Qc2 Qe7 10.d5 h6 11.dxc6 bxc6 12.Rad1 Ne8 13.b4 f5 14.b5 f4 15.Bc1 Bb7
16.bxc6 Bxc6 17.Ba3 g5 18.Nd2 Ndf6 19.c5 d5 20.exd5 Nxd5 21.Bc4 Nc7 22.Nde4 Qf7
23.Nd6 Qh5 24.f3 Kh8 25.Nxd5 Ne6 26.Ne7  1-0

[Event "Oceania Zonal"]
[Site "Gold Coast AUS"]
[Date "2009.06.22"]
[Round "5"]
[White "Morris,J"]
[Black "Lane,G"]
[Result "1-0"]
[WhiteElo "2114"]
[BlackElo "2371"]

1.d4 Nf6 2.Nf3 g6 3.c4 Bg7 4.Nc3 O-O 5.e4 d6 6.Be2 Nbd7 7.O-O e5 8.Be3 h6
9.h3 c6 10.Qd2 Kh7 11.Rfd1 Qe7 12.dxe5 dxe5 13.Rac1 Nc5 14.Qc2 Nh5 15.b4 Ne6
16.c5 Nef4 17.Bf1 f5 18.Rd6 Nf6 19.Bxf4 exf4 20.Re1 Qc7 21.e5 Ne8 22.Rdd1 Qf7
23.Ne2 g5 24.Ned4 Nc7 25.e6 Nxe6 26.Nxf5 Kh8 27.Nd6 Qc7 28.Bc4  1-0

[Event "CIQ"]
[Site "Montreal CAN"]
[Date "2009.06.22"]
[Round "4"]
[White "Bhat,V"]
[Black "Sambuev,B"]
[Result "0-1"]
[WhiteElo "2475"]
[BlackElo "2498"]

1.d4 Nf6 2.c4 g6 3.Nc3 Bg7 4.e4 O-O 5.Nf3 d6 6.Be2 e5 7.Be3 Ng4 8.Bg5 f6
9.Bh4 g5 10.Bg3 Nh6 11.dxe5 dxe5 12.Qd5+ Kh8 13.Qxd8 Rxd8 14.h4 g4 15.Nd2 Na6
16.O-O-O Be6 17.Nb3 b6 18.f4 gxf3 19.gxf3 c6 20.Kb1 Nf7 21.f4 exf4 22.Bxf4 f5
23.Bd3 fxe4 24.Bxe4 Rac8 25.Rxd8+ Rxd8 26.Bxc6 Nb4 27.Bd5 Bxd5 28.Nxd5 Nxd5
29.cxd5 Rxd5 30.Rc1 Be5 31.Rf1 Kg7 32.Kc2 Bf6 33.Bb8 Rd7 34.Rg1+ Kh6 35.Bg3 Be5
36.Nd2 Bxg3 37.Rxg3 Nd6 38.Rd3 Rc7+ 39.Kb3 Nf5 40.Ne4 Kg6 41.a4 Nxh4 42.Kb4 Nf5
43.a5 bxa5+ 44.Kxa5 Re7 45.Nc5 h5 46.Ka6 h4 47.b4 Kg5 48.Nb7 Kg4 49.Kxa7 h3
50.Ka6 h2 51.Rd1 Ng3 52.b5 Rf7 53.Nd8 Rf1 54.Rxf1 Nxf1 55.b6 h1=Q 56.b7 Qh6+
57.Ka7 Qe3+ 58.Ka6 Qd3+ 59.Ka7 Qd4+ 60.Ka8 Qa4+ 61.Kb8 Ne3 62.Kc8 Qc4+ 63.Kd7 Qb5+
64.Kc8 Qc5+ 65.Kd7 Qb6 66.Kc8 Nc4 67.Nf7 Nd6+ 68.Nxd6 Qc6+  0-1

[Event "Open"]
[Site "Albena BUL"]
[Date "2009.06.23"]
[Round "4"]
[White "Kopasov,A"]
[Black "Iliev,At"]
[Result "1-0"]
[WhiteElo "2190"]
[BlackElo "1969"]

1.d4 Nf6 2.c4 g6 3.Nc3 Bg7 4.e4 d6 5.Be2 O-O 6.Nf3 Nbd7 7.O-O e5 8.Re1 c6
9.Bf1 a5 10.d5 c5 11.a3 Ne8 12.Bg5 f6 13.Bh4 h6 14.Nd2 g5 15.Bg3 f5 16.exf5 Rxf5
17.Rb1 Rf8 18.f3 Nc7 19.Bf2 Na6 20.Bd3 Nf6 21.g4 Bd7 22.Kg2 h5 23.h3 Qc8
24.Nde4 hxg4 25.Nxf6+ Rxf6 26.hxg4 Qf8 27.Ne4 Rh6 28.Be3 Bf6 29.Rh1 Rh4 30.Nxg5 Qh6
31.Bh7+ Kg7 32.Ne6+ Bxe6 33.Bxh6+ Kxh6 34.Rxh4+ Bxh4 35.Qh1  1-0

[Event "King's Gambit A"]
[Site "Lipetsk RUS"]
[Date "2009.06.23"]
[Round "1"]
[White "Gavrilov,Al1"]
[Black "Zontakh,A"]
[Result "1/2-1/2"]
[WhiteElo "2470"]
[BlackElo "2581"]

1.d4 Nf6 2.c4 g6 3.Nc3 Bg7 4.e4 d6 5.Nf3 O-O 6.Be2 e5 7.Be3 Ng4 8.Bg5 f6
9.Bc1 Nc6 10.d5 Nd4 11.Nxd4 exd4 12.Nb5 f5 13.O-O Ne5 14.exf5 d3 15.Bxd3 Nxd3
16.Qxd3 Bxf5 17.Qd1 Qf6 18.Nxc7 Rac8 19.Ne6 Bxe6 20.dxe6 Qxe6 21.Be3 b6 22.Bd4 Bxd4
23.Qxd4 Rxc4 24.Qd2 Re4 25.Rfe1 Rxe1+ 26.Rxe1 Qxa2 27.f3 d5 28.Re7 Rf7 29.Re8+ Rf8
30.Re7  1/2-1/2

[Event "Municipality Cup"]
[Site "Tbilisi GEO"]
[Date "2009.06.23"]
[Round "9"]
[White "Chighladze,I"]
[Black "Mchedlishvili,M"]
[Result "0-1"]
[WhiteElo "2418"]
[BlackElo "2586"]

1.d4 Nf6 2.c4 g6 3.Nc3 Bg7 4.e4 d6 5.Nf3 O-O 6.Be2 Nbd7 7.O-O e5 8.Re1 c6
9.h3 exd4 10.Nxd4 Nc5 11.Bf3 Nfd7 12.Bf4 Ne5 13.Be2 a5 14.Qd2 Qb6 15.Rad1 a4
16.Be3 Re8 17.f4 Ned7 18.Bf3 Bf8 19.Bf2 Qb4 20.a3 Qa5 21.g4 Nb6 22.Be2 Qa6
23.Qc2 Nxc4 24.Na2 b5 25.Nb4 Qb6 26.Bxc4 bxc4 27.Qxc4 Bb7 28.Nf3 Qc7 29.e5 d5
30.Qc2 Qa5 31.f5 Ne4 32.Nxc6 Qc7 33.Ncd4 Qb6 34.Kg2 Rec8 35.Qe2 Ba6 36.Qe3 Qxb2
37.e6 fxe6 38.Nxe6 Rc2  0-1

[Event "1st Int"]
[Site "Villa De Aranjuez ESP"]
[Date "2009.06.23"]
[Round "2"]
[White "Molina,Jo"]
[Black "Taboas Rodriguez,D"]
[Result "1/2-1/2"]
[WhiteElo "2132"]
[BlackElo "2370"]

1.d4 Nf6 2.c4 g6 3.Nc3 Bg7 4.e4 d6 5.Nf3 O-O 6.Be2 Na6 7.O-O e5 8.Be3 Ng4
9.Bg5 Qe8 10.dxe5 dxe5 11.Nd2 f5 12.exf5 gxf5 13.Bxg4 fxg4 14.Nde4 Kh8 15.Qe2 Qg6
16.Rad1 Bf5 17.Bh4 Nb4 18.Be7 Nc6 19.Bxf8 Rxf8 20.Ng3 Nd4 21.Qe3 Bc2 22.Rd2 Re8
23.Rxc2 Qxc2 24.Qc1 Qg6 25.Qe3 Kg8 26.Qe4 Qxe4 27.Ngxe4 Kf7 28.Re1 Kg6 29.Kf1 h5
30.Nb5 Rd8 31.Nc5 Nxb5 32.cxb5 Rd5 33.Rc1 Bh6 34.Rc2 b6 35.Ne4 Bf8 36.Rxc7  1/2-1/2

[Event "zt 2.3"]
[Site "San Jose CRC"]
[Date "2009.06.24"]
[Round "9"]
[White "Iturrizaga,E"]
[Black "Valdes,Le"]
[Result "1-0"]
[WhiteElo "2528"]
[BlackElo "2403"]

1.d4 Nf6 2.Nf3 g6 3.c4 Bg7 4.Nc3 O-O 5.e4 d6 6.Be2 e5 7.O-O Nh5 8.Bg5 f6
9.Be3 Nc6 10.d5 Ne7 11.Nd2 Nf4 12.c5 f5 13.f3 Nxe2+ 14.Qxe2 Bd7 15.Nc4 Qb8
16.b4 Nc8 17.a4 Bf6 18.Rfc1 Rf7 19.Rab1 f4 20.Bf2 Be8 21.Rb2 h5 22.Rbc2 a6
23.Na5 Ne7 24.Nc4 Nc8 25.Kf1 g5 26.Ke1 Rg7 27.h3 Kh7 28.Kd2 Kg8 29.Na5 Ne7
30.Qc4 Kh7 31.Ke2 Kh6 32.Qb3 Ng6 33.Nc4 Qd8 34.cxd6 cxd6 35.b5 Nh4 36.Qb4 Be7
37.Nb6 Nxg2 38.Nd1 Bd7 39.Rc7 Bf8 40.Nxa8 Qxa8 41.Qa5 g4 42.hxg4 hxg4 43.Qb6 axb5
44.a5 gxf3+ 45.Kd2 b4 46.Rxb7 Qe8 47.a6 Qg6 48.Qxb4 Kh5 49.a7 Ne3 50.a8=Q Rf7
51.Rxd7 Rxd7 52.Qxf8 Ra7 53.Nc3 Kg4 54.Rg1+  1-0

[Event "Petr Izmailov Mem"]
[Site "Tomsk RUS"]
[Date "2009.06.24"]
[Round "1"]
[White "Abylkassymova,R"]
[Black "Kim,Se"]
[Result "1-0"]
[WhiteElo "1943"]
[BlackElo "2299"]

1.d4 Nf6 2.Nf3 g6 3.c4 Bg7 4.Nc3 O-O 5.e4 d6 6.Be2 e5 7.O-O exd4 8.Nxd4 Re8
9.f3 Nbd7 10.Be3 c6 11.Qd2 a5 12.Rad1 a4 13.Nc2 Re6 14.Nd4 Re8 15.Nc2 Bf8
16.Kh1 Qa5 17.Bh6 Re6 18.Bxf8 Nxf8 19.b4 axb3 20.axb3 Qb6 21.g4 N6d7 22.f4 Re8
23.f5 Qd8 24.Qxd6 Qh4 25.Nd4 Ne5 26.Nf3 Nxf3 27.Bxf3 Nd7 28.Qf4 Ne5 29.Na4 Ra6
30.Be2 b6 31.Rd6 Qh3 32.Nb2 Ra2 33.Rb1 Qc3 34.f6 Bxg4 35.Qh6  1-0

[Event "Open"]
[Site "Albena BUL"]
[Date "2009.06.25"]
[Round "6"]
[White "Belov,Ig1"]
[Black "Berbatov,K"]
[Result "1/2-1/2"]
[WhiteElo "2443"]
[BlackElo "2393"]

1.Nf3 Nf6 2.c4 g6 3.Nc3 Bg7 4.e4 d6 5.d4 O-O 6.Be2 e5 7.d5 a5 8.Bg5 h6 9.Bh4 Na6
10.Nd2 Qe8 11.a3 Bd7 12.O-O a4 13.Nb5 Bxb5 14.cxb5 Nc5 15.f3 Nfd7 16.b4 axb3
17.Nxb3 f5 18.Nxc5 Nxc5 19.Bd3 fxe4 20.fxe4 Rf4 21.Bg3 Nxe4 22.Bxf4 exf4
23.Rxf4 Nc5 24.Rf3 Bxa1 25.Qxa1 Nxd3 26.Rxd3 Qxb5 27.Rg3 Kh7 28.Rc3 Qb6+
29.Kh1 Rf8 30.Qc1 Rf7 31.h3 Qa5 32.Rd3 Qb5 33.Qd1 Qc5 34.Qe2 Qc1+ 35.Kh2 Qf4+
36.Kg1 Qc1+ 37.Kh2 h5  1/2-1/2

[Event "Oceania Zonal"]
[Site "Gold Coast AUS"]
[Date "2009.06.25"]
[Round "8"]
[White "Rachmadi,H"]
[Black "Bennett,H"]
[Result "0-1"]
[WhiteElo "1842"]
[BlackElo "2028"]

1.d4 Nf6 2.c4 g6 3.Nc3 Bg7 4.Nf3 O-O 5.e4 d6 6.Be2 e5 7.dxe5 dxe5 8.Qc2 Re8
9.O-O c6 10.Bg5 Qc7 11.b4 Bg4 12.Rad1 Nbd7 13.Rd2 Bxf3 14.Bxf3 Nf8 15.c5 Rad8
16.Rfd1 Rxd2 17.Qxd2 Ne6 18.Qd6 Qxd6 19.Rxd6 Nxg5 20.b5 Rc8 21.h4 Ne6 22.b6 axb6
23.cxb6 Bf8 24.Rd1 Bc5 25.g4 Nd4 26.Kg2 Bxb6 27.Rb1 Ba5 28.g5 Bxc3 29.gxf6 b5
30.Bg4 Ra8 31.Kg3 h5 32.Bd7 Rd8 33.Bh3 Rd6 34.a4 Rxf6 35.Rc1 Ne2+  0-1

[Event "Oceania Zonal"]
[Site "Gold Coast AUS"]
[Date "2009.06.25"]
[Round "8"]
[White "Zhao Zong Yuan"]
[Black "Smerdon,D"]
[Result "1/2-1/2"]
[WhiteElo "2583"]
[BlackElo "2489"]

1.d4 Nf6 2.c4 g6 3.Nc3 Bg7 4.e4 d6 5.Nf3 O-O 6.Be2 e5 7.Be3 Ng4 8.Bg5 f6
9.Bh4 g5 10.Bg3 Nh6 11.d5 a5 12.O-O Nd7 13.Nd2 f5 14.exf5 Nf6 15.Nde4 Nxe4
16.Nxe4 Bxf5 17.Bd3 Bg6 18.f3 Nf5 19.Bf2 c5 20.Qd2 Bh6 21.Be3 Nxe3 22.Qxe3 Bxe4
23.Qxe4 Qd7 24.g3 Rf6 25.Kg2 Raf8 26.Rab1 R8f7 27.a3 Bf8 28.Rf2 g4 29.Rbf1 gxf3+
30.Rxf3 Rxf3 31.Rxf3 Rxf3 32.Qxf3 Qg7 33.h4 e4 34.Qxe4 Qxb2+ 35.Kh3 Qg7 36.Qe6+ Kh8
37.a4 Qe7 38.Qf5 Bh6 39.Be4 Bd2 40.Qe6 Qf8 41.Bf5 Bc3 42.g4 Bf6 43.g5 Be7
44.Kg4 Qg7 45.Be4 h6 46.Qc8+ Bf8 47.Qe8 Kg8 48.Qe6+ Kh8 49.Kh5 hxg5 50.hxg5 Be7
51.Qc8+ Qg8 52.Qf5 Qg7 53.Kg4 Bd8 54.Qf4 Be7 55.Qf5 Kg8 56.Qc8+ Bf8 57.Qe6+ Kh8
58.Kh5 Be7 59.Qf5 Kg8 60.Kg4 Kh8 61.Qg6 Qxg6 62.Bxg6 Bf8 63.Kf5 Bg7 64.Be8 Be5
65.Ke6 Kg7 66.Kd7 Bf4 67.Kc7 Kf8 68.Bh5 Ke7 69.g6 Kf6 70.Kb6 Bd2 71.Kxb7 Kg7  1/2-1/2

[Event "5th Open"]
[Site "Sort ESP"]
[Date "2009.06.25"]
[Round "2"]
[White "Girish,A"]
[Black "Movsziszian,K"]
[Result "0-1"]
[WhiteElo "2270"]
[BlackElo "2556"]

1.d4 d6 2.Nf3 g6 3.c4 Bg7 4.Nc3 Nf6 5.e4 O-O 6.Be2 Nbd7 7.O-O e5 8.Qc2 c6
9.Rd1 Qe7 10.c5 dxc5 11.dxe5 Nxe5 12.Nxe5 Qxe5 13.f4 Qc7 14.Be3 b6 15.h3 Be6
16.g4 Rad8 17.g5 Nd7 18.Kg2 f6 19.f5 Bf7 20.Rf1 gxf5 21.exf5 fxg5 22.Bxg5 Bf6
23.Bxf6 Nxf6 24.Qc1 Kh8 25.Qh6 Bd5+ 26.Bf3 Bxf3+ 27.Rxf3 Qg7+ 28.Qxg7+ Kxg7
29.Rg3+ Kf7 30.Kh1 Rd4 31.Rag1 Rg8 32.Rxg8 Nxg8 33.Re1 Ne7 34.Re6 Rf4 35.Rh6 Kg7
36.Re6 Nxf5 37.Rxc6 Rf2 38.Rc7+ Kg6 39.Rxa7 Rxb2 40.Rb7 Nd4 41.Kg1 b5 42.Rc7 c4
43.Kf1 Rc2 44.Nd5 Rxa2 45.h4 h6 46.Rc5 Kf7 47.Nc3 Ra1+ 48.Kf2 b4 49.Rxc4 bxc3
50.Rxc3 Nf5 51.Rc4 Rh1 52.Rf4 Kg6 53.Rg4+ Kh5 54.Rg8 Rh2+ 55.Kg1 Rd2 56.Ra8 Kxh4
57.Ra3 h5 58.Rb3 Kg4 59.Ra3 h4 60.Rb3 h3 61.Ra3 Rg2+ 62.Kh1 Ng3+ 63.Rxg3+ Rxg3  0-1

[Event "zt 3.4 w"]
[Site "Tashkent UZB"]
[Date "2009.06.25"]
[Round "11"]
[White "Antonova,N"]
[Black "Sabirova,O"]
[Result "0-1"]
[WhiteElo "1831"]
[BlackElo "2192"]

1.d4 Nf6 2.c4 g6 3.Nc3 Bg7 4.e4 d6 5.Be2 O-O 6.Nf3 e5 7.d5 a5 8.Bg5 h6 9.Bh4 Qe8
10.Nd2 Bd7 11.O-O Nh7 12.c5 dxc5 13.d6 g5 14.dxc7 Na6 15.Bxa6 Rxa6 16.Bg3 Be6
17.Qe2 Qc6 18.Nb5 a4 19.Nb1 Ra5 20.N1a3 c4 21.Qd2 Rxb5 22.Nxb5 Qxb5 23.Qd6 Rc8
24.b3 Qa5 25.Qd8+ Rxd8  0-1

[Event "Open"]
[Site "Albena BUL"]
[Date "2009.06.27"]
[Round "8"]
[White "Yakimenko,A"]
[Black "Belov,Ig1"]
[Result "0-1"]
[WhiteElo "2091"]
[BlackElo "2443"]

1.d4 Nf6 2.c4 g6 3.Nf3 Bg7 4.Nc3 O-O 5.e4 d6 6.Be2 e5 7.d5 a5 8.h3 Na6 9.Bg5 Nc5
10.Qc2 h6 11.Bh4 g5 12.Bg3 Nh5 13.Nd2 Nf4 14.O-O-O f5 15.Bxf4 exf4 16.Bf3 g4
17.hxg4 fxg4 18.Be2 a4 19.Rh5 a3 20.b4 Nd7 21.Bxg4 Nf6 22.Bxc8 Nxh5 23.Be6+ Kh8
24.e5 f3 25.Nxf3 Rxf3 26.gxf3 Qg5+ 27.Kb1 Qxe5 28.Rd3 Qe1+ 29.Nd1 Nf4 30.Re3 Qxb4+
31.Rb3 Qe1 32.Re3 Qa5 33.Bf5 Rf8 34.Bd7 Qb6+ 35.Qb3 Qd4 36.Kc2 Ng6 37.Re8 Rxe8
38.Bxe8 Ne5 39.Bb5 h5 40.f4 Qe4+ 41.Kd2 Nf3+ 42.Kc1 Nd4 43.Qa4 Qd3  0-1